000 00706nam a22002417a 4500
001 BR6000834
003 BR-BrBNA
005 20230928095511.0
007 ta
008 230509b bl.||||| |||| 00| 0 por d
040 _aBR-BrBNA
_bpor
_cBiblioteca Nacional de Agricultura
041 _a(Por)
072 _aN20
090 _ N20 BR6000834
110 1 _aAssociacao Nordestina de Credito e Assistencia Rural da Paraiba, Joao Pessoa (Brasil)
_9691
245 1 _aConstrua seu brete para vacinacao coletiva
260 3 _aJoao Pessoa, PB (Brasil):
_c[nd].
300 _a7 p.
650 _aInstalacao para Animal
650 _aContencao de Animal
909 _a202309
_bLucia
_c55
_dLucia Elande
942 _cBK
999 _c56932
_d56932